00486nam a2200169 450000500170000001000140001702000260003103700230005708200090008024500550008925000060014426000380015027000690018830000200025794200200027799900190029720260228122315.0 aBACCHEN26 a9789348156846c455.00 bPangram Publishers 21aS aStories From Arabian Nights/cTranslated By M.K.K. a1 aDelhi bPangram Publishers c2025 aA208, 2nd Floor, North Ex Mall, Sector-9, RohinibDelhi e110085 a428p.b22cm(pb) 2ddccCHhSmSTO c215203d215203